Music Quiz

Random Music Quiz

Queen of Hearts lyrics We the Kings Quiz Stats

 Plays Quiz not verified by Sporcle

Challenge
Share
Tweet
Embed
Score 0/299 Timer 10:00
0 Plays Today
Lyric % Correct
the
100%
the
100%
the
100%
the
100%
and
100%
the
100%
and
100%
the
100%
the
100%
the
100%
the
100%
the
100%
the
100%
the
100%
the
100%
the
100%
the
100%
and
100%
the
100%
and
100%
The
100%
the
100%
the
100%
the
100%
the
100%
and
100%
the
100%
and
100%
of
98.6%
Queen
98.6%
of
98.6%
hearts
98.6%
of
98.6%
of
98.6%
of
98.6%
You'll
97.1%
be
97.1%
can't
97.1%
You
97.1%
in
97.1%
You
97.1%
You'll
97.1%
be
97.1%
be
97.1%
You'll
97.1%
be
97.1%
you
97.1%
you
97.1%
Can't
97.1%
you
97.1%
You'll
97.1%
be
97.1%
can't
97.1%
You
97.1%
in
97.1%
You
97.1%
You
97.1%
be
97.1%
be
97.1%
You
97.1%
be
97.1%
you
97.1%
Can't
97.1%
you
97.1%
You'll
97.1%
be
97.1%
can't
97.1%
You
97.1%
in
97.1%
You
97.1%
be
97.1%
you
97.1%
you
97.1%
you
97.1%
you
97.1%
world
95.7%
into
95.7%
I
95.7%
I
95.7%
we
95.7%
we
95.7%
me
95.7%
me
95.7%
your
95.7%
I
95.7%
We
95.7%
world
95.7%
me
95.7%
I
95.7%
inside
95.7%
out
95.7%
me
95.7%
me
95.7%
world
95.7%
into
95.7%
I
95.7%
I
95.7%
we
95.7%
we
95.7%
me
95.7%
Lyric % Correct
your
95.7%
I
95.7%
your
95.7%
your
95.7%
me
95.7%
inside
95.7%
out
95.7%
me
95.7%
me
95.7%
world
95.7%
into
95.7%
I
95.7%
I
95.7%
we
95.7%
we
95.7%
me
95.7%
I
95.7%
me
95.7%
I
95.7%
me
95.7%
I
95.7%
me
95.7%
When
94.3%
falls
94.3%
pieces
94.3%
one
94.3%
When
94.3%
face
94.3%
all
94.3%
my
94.3%
demons
94.3%
one
94.3%
believe
94.3%
my
94.3%
one
94.3%
You’re
94.3%
got
94.3%
got
94.3%
When
94.3%
pieces
94.3%
one
94.3%
When
94.3%
face
94.3%
all
94.3%
my
94.3%
demons
94.3%
one
94.3%
believe
94.3%
my
94.3%
one
94.3%
You're
94.3%
on
94.3%
face
94.3%
all
94.3%
my
94.3%
got
94.3%
got
94.3%
When
94.3%
falls
94.3%
pieces
94.3%
one
94.3%
When
94.3%
face
94.3%
all
94.3%
my
94.3%
demons
94.3%
one
94.3%
believe
94.3%
my
94.3%
one
94.3%
You're
94.3%
when
94.3%
you're
94.3%
are
92.9%
Through
92.9%
fall
92.9%
Hold
92.9%
are
92.9%
Make
92.9%
fall
92.9%
are
92.9%
Through
92.9%
fall
92.9%
Hold
92.9%
are
92.9%
are
92.9%
Through
92.9%
fall
92.9%
Hold
92.9%
are
92.9%
to
92.9%
hold
92.9%
rain
91.4%
away
91.4%
only
91.4%
king
91.4%
Own
91.4%
everything
91.4%
I'll
91.4%
down
91.4%
Lyric % Correct
rain
91.4%
away
91.4%
only
91.4%
down
91.4%
rain
91.4%
away
91.4%
only
91.4%
voice
90%
reason
90%
Together
90%
together
90%
fly
90%
ring
90%
see
90%
voice
90%
reason
90%
Together
90%
together
90%
fly
90%
see
90%
voice
90%
reason
90%
Together
90%
together
90%
fly
90%
thunder
88.6%
diamond
88.6%
rule
88.6%
upside
88.6%
thunder
88.6%
upside
88.6%
thunder
88.6%
could
87.1%
know
87.1%
could
87.1%
know
87.1%
know
87.1%
know
87.1%
Jay-Z
85.7%
closely
84.3%
closely
84.3%
I'm
84.3%
smile
84.3%
that
84.3%
that
84.3%
closely
84.3%
that
84.3%
that
84.3%
Cause
82.9%
you've
82.9%
crazy
82.9%
Is
82.9%
need
82.9%
Cause
82.9%
You've
82.9%
crazy
82.9%
you've
82.9%
baby
81.4%
baby
81.4%
But
80%
Mona
80%
But
80%
call
78.6%
Lisa
78.6%
call
78.6%
west
77.1%
Da’vinci
74.3%
I’ve
74.3%
completely
74.3%
wild
71.4%
I'd
70%
I'd
70%
want
70%
Even
70%
even
70%
I'd
70%
closer
68.6%
Bulletproof
67.1%
vest
67.1%
far
67.1%
from
67.1%
let
67.1%
saved
65.7%
saved
65.7%
part
65.7%
Than
64.3%
B
62.9%
still
62.9%
wanna
62.9%
take
61.4%
kill
61.4%
it
60%
leave
58.6%
They’ll
57.1%
everywhere
57.1%
if
54.3%
would
54.3%
Well
37.1%
They'd
32.9%

You're not logged in!

Compare scores with friends on all Sporcle quizzes.
OR
Log In

You Might Also Like...

Show Comments

Extras

Created Jun 23, 2014ReportNominate
Tags:heart, king, queen

Top Quizzes Today


Score Distribution

Your Account Isn't Verified!

In order to create a playlist on Sporcle, you need to verify the email address you used during registration. Go to your Sporcle Settings to finish the process.

Report this User

Report this user for behavior that violates our Community Guidelines.

Details: